000 00326nam a2200133Ia 4500
008 240624s9999 xx 000 0 und d
041 _aeng
082 _a361.06 MAC
100 _aMACLENNAN NIGEL
245 _aCOUNSELLING FOR MANAGERS
260 _c1996
_aUSA
_bGower
300 _axii, : 281 : p. : cm. ; 23
365 _cBPS
_b35
999 _c7525
_d7525